| 000 | 00442nam a22001451i 4500 | ||
|---|---|---|---|
| 001 | 11862 | ||
| 090 | _a11862 | ||
| 010 | _a9789724218731 | ||
| 100 | _a20170304u u u0frey50 ba | ||
| 101 | 0 | _apor | |
| 200 | 1 |
_fTilde Giani Gallino _aO mundo imaginário das crianças |
|
| 215 |
_a245, [5] p. _d24 cm |
||
| 700 | 1 |
_aGallino _bTilde Giani _4070 |
|
| 996 |
_f0013224 _kGAL _m00000000 _n00000000 _aBMVAAL _b3 _vAlcáçovas _xPsicologia _y25 _eLivro _10 _31 |
||
| 990 | _cLIVROS | ||